<?xml version="1.0" encoding="UTF-8"?>
<record
    xmlns:xsi="http://www.w3.org/2001/XMLSchema-instance"
    xsi:schemaLocation="http://www.loc.gov/MARC21/slim http://www.loc.gov/standards/marcxml/schema/MARC21slim.xsd"
    xmlns="http://www.loc.gov/MARC21/slim">

  <leader>00494nam a2200181   4500</leader>
  <controlfield tag="005">20251218132604.0</controlfield>
  <controlfield tag="008">251218b        |||||||| |||| 00| 0 eng d</controlfield>
  <datafield tag="020" ind1=" " ind2=" ">
    <subfield code="a">978-81-312-7142-1</subfield>
  </datafield>
  <datafield tag="041" ind1=" " ind2=" ">
    <subfield code="a">Eng</subfield>
  </datafield>
  <datafield tag="082" ind1=" " ind2=" ">
    <subfield code="2">39th ed. 2026</subfield>
    <subfield code="a">PH 615.1 SKI </subfield>
    <subfield code="b">B12085</subfield>
  </datafield>
  <datafield tag="100" ind1=" " ind2=" ">
    <subfield code="a">Skidmore Linda</subfield>
  </datafield>
  <datafield tag="245" ind1=" " ind2=" ">
    <subfield code="a">Mosby's Nursing Drug Referance</subfield>
  </datafield>
  <datafield tag="250" ind1=" " ind2=" ">
    <subfield code="a">39th. ed. 2026</subfield>
  </datafield>
  <datafield tag="260" ind1=" " ind2=" ">
    <subfield code="a">New Delhi</subfield>
    <subfield code="b">Elsevier</subfield>
    <subfield code="c">2026</subfield>
  </datafield>
  <datafield tag="300" ind1=" " ind2=" ">
    <subfield code="a">xii,1343p</subfield>
    <subfield code="b">pb</subfield>
    <subfield code="c">18.2x11cm</subfield>
  </datafield>
  <datafield tag="365" ind1=" " ind2=" ">
    <subfield code="a">Rupaye</subfield>
    <subfield code="b">2000</subfield>
    <subfield code="c">Rupaye</subfield>
  </datafield>
  <datafield tag="942" ind1=" " ind2=" ">
    <subfield code="c">BK</subfield>
  </datafield>
  <datafield tag="999" ind1=" " ind2=" ">
    <subfield code="c">369424</subfield>
    <subfield code="d">369424</subfield>
  </datafield>
  <datafield tag="952" ind1=" " ind2=" ">
    <subfield code="0">0</subfield>
    <subfield code="1">0</subfield>
    <subfield code="2">ddc</subfield>
    <subfield code="4">0</subfield>
    <subfield code="7">3</subfield>
    <subfield code="8">REF</subfield>
    <subfield code="a">BTIN</subfield>
    <subfield code="b">BTIN</subfield>
    <subfield code="d">2025-12-04</subfield>
    <subfield code="e">Patil Medical Book</subfield>
    <subfield code="g">1240.00</subfield>
    <subfield code="i">2458</subfield>
    <subfield code="l">0</subfield>
    <subfield code="o">PH 615.1 SKI  B12085</subfield>
    <subfield code="p">BTIN-BK-12085</subfield>
    <subfield code="r">2025-12-18 13:32:00</subfield>
    <subfield code="t">38%</subfield>
    <subfield code="v">2000.00</subfield>
    <subfield code="w">2025-12-04</subfield>
    <subfield code="y">BK</subfield>
    <subfield code="z">BTIN-BK-12085</subfield>
  </datafield>
  <datafield tag="952" ind1=" " ind2=" ">
    <subfield code="0">0</subfield>
    <subfield code="1">0</subfield>
    <subfield code="2">ddc</subfield>
    <subfield code="4">0</subfield>
    <subfield code="7">0</subfield>
    <subfield code="8">NFIC</subfield>
    <subfield code="a">BTIN</subfield>
    <subfield code="b">BTIN</subfield>
    <subfield code="d">2025-12-04</subfield>
    <subfield code="e">Patil Medical Book</subfield>
    <subfield code="g">1240.00</subfield>
    <subfield code="i">2458</subfield>
    <subfield code="l">4</subfield>
    <subfield code="m">2</subfield>
    <subfield code="o">PH 615.1 SKI  B12086</subfield>
    <subfield code="p">BTIN-BK-12086</subfield>
    <subfield code="q">2026-04-06</subfield>
    <subfield code="r">2026-03-02 14:31:22</subfield>
    <subfield code="s">2026-03-02</subfield>
    <subfield code="t">38%</subfield>
    <subfield code="v">2000.00</subfield>
    <subfield code="w">2025-12-04</subfield>
    <subfield code="y">BK</subfield>
    <subfield code="z">BTIN-BK-12086</subfield>
  </datafield>
  <datafield tag="952" ind1=" " ind2=" ">
    <subfield code="0">0</subfield>
    <subfield code="1">0</subfield>
    <subfield code="2">ddc</subfield>
    <subfield code="4">0</subfield>
    <subfield code="7">0</subfield>
    <subfield code="8">NFIC</subfield>
    <subfield code="a">BTIN</subfield>
    <subfield code="b">BTIN</subfield>
    <subfield code="d">2025-12-04</subfield>
    <subfield code="e">Patil Medical Book</subfield>
    <subfield code="g">1240.00</subfield>
    <subfield code="i">2458</subfield>
    <subfield code="l">4</subfield>
    <subfield code="m">2</subfield>
    <subfield code="o">PH 615.1 SKI  B12087</subfield>
    <subfield code="p">BTIN-BK-12087</subfield>
    <subfield code="q">2026-05-15</subfield>
    <subfield code="r">2026-05-08 11:02:43</subfield>
    <subfield code="s">2026-05-08</subfield>
    <subfield code="t">38%</subfield>
    <subfield code="v">2000.00</subfield>
    <subfield code="w">2025-12-04</subfield>
    <subfield code="y">BK</subfield>
    <subfield code="z">BTIN-BK-12087</subfield>
  </datafield>
  <datafield tag="952" ind1=" " ind2=" ">
    <subfield code="0">0</subfield>
    <subfield code="1">0</subfield>
    <subfield code="2">ddc</subfield>
    <subfield code="4">0</subfield>
    <subfield code="7">0</subfield>
    <subfield code="8">NFIC</subfield>
    <subfield code="a">BTIN</subfield>
    <subfield code="b">BTIN</subfield>
    <subfield code="d">2025-12-04</subfield>
    <subfield code="e">Patil Medical Book</subfield>
    <subfield code="g">1240.00</subfield>
    <subfield code="i">2458</subfield>
    <subfield code="l">4</subfield>
    <subfield code="o">PH 615.1 SKI  B12088</subfield>
    <subfield code="p">BTIN-BK-12088</subfield>
    <subfield code="r">2026-05-12 03:59:14</subfield>
    <subfield code="s">2026-03-10</subfield>
    <subfield code="t">38%</subfield>
    <subfield code="v">2000.00</subfield>
    <subfield code="w">2025-12-04</subfield>
    <subfield code="y">BK</subfield>
    <subfield code="z">BTIN-BK-12088</subfield>
  </datafield>
  <datafield tag="952" ind1=" " ind2=" ">
    <subfield code="0">0</subfield>
    <subfield code="1">0</subfield>
    <subfield code="2">ddc</subfield>
    <subfield code="4">0</subfield>
    <subfield code="7">0</subfield>
    <subfield code="8">NFIC</subfield>
    <subfield code="a">BTIN</subfield>
    <subfield code="b">BTIN</subfield>
    <subfield code="d">2025-12-04</subfield>
    <subfield code="e">Patil Medical Book</subfield>
    <subfield code="g">1240.00</subfield>
    <subfield code="i">2458</subfield>
    <subfield code="l">4</subfield>
    <subfield code="m">1</subfield>
    <subfield code="o">PH 615.1 SKI  B12089</subfield>
    <subfield code="p">BTIN-BK-12089</subfield>
    <subfield code="r">2026-03-04 13:38:04</subfield>
    <subfield code="s">2026-02-24</subfield>
    <subfield code="t">38%</subfield>
    <subfield code="v">2000.00</subfield>
    <subfield code="w">2025-12-04</subfield>
    <subfield code="y">BK</subfield>
    <subfield code="z">BTIN-BK-12089</subfield>
  </datafield>
</record>
